[Event "ICS rated blitz match"]
[Site "204.178.125.65"]
[Date "2000.11.15"]
[Round "?"]
[White "Hossa"]
[Black "Pi"]
[Result "0-1"]
[WhiteElo "2524"]
[BlackElo "2870"]
[PlyCount "72"]
[EventDate "2000.??.??"]

1. e4 e5 2. Nf3 Nc6 3. Bb5 a6 4. Ba4 Nf6 5. O-O Be7 6. Re1 b5 7. Bb3 d6 8. c3
O-O 9. h3 Na5 10. Bc2 c5 11. d4 Qc7 12. Nbd2 cxd4 13. cxd4 Nc6 14. Nb3 a5 15.
Bd3 a4 16. Nbd2 Ba6 17. Qc2 Qd7 18. dxe5 dxe5 19. Be2 Nb4 20. Qc3 Rac8 21. Nxe5
Qe6 22. Nec4 bxc4 23. e5 Nfd5 24. Bg4 f5 25. Qa3 fxg4 26. Qxa4 gxh3 27. Ne4
hxg2 28. Kxg2 Qg4+ 29. Ng3 Rxf2+ 30. Kxf2 Nd3+ 31. Kg2 Nxe1+ 32. Kf1 Rf8+ 33.
Bf4 Qxf4+ 34. Kxe1 Qxg3+ 35. Kd2 Qd3+ 36. Kc1 Bg5# {Hossa checkmated} 0-1

[Event "ICS rated blitz match"]
[Site "204.178.125.65"]
[Date "2000.11.15"]
[Round "?"]
[White "WICKER-MAN"]
[Black "Hossa"]
[Result "0-1"]
[WhiteElo "1922"]
[BlackElo "2520"]
[PlyCount "82"]
[EventDate "2000.??.??"]

1. e4 e5 2. Nf3 Nc6 3. Nc3 Nf6 4. Bb5 Bb4 5. O-O O-O 6. d3 Bxc3 7. bxc3 d6 8.
Bxc6 bxc6 9. Bg5 Be6 10. Qd2 Rb8 11. c4 Bg4 12. Qe3 h6 13. Bh4 Bxf3 14. Qxf3 g5
15. Bg3 Rb2 16. Qe2 Qe7 17. Rfb1 Rfb8 18. Qd1 Qd8 19. Qc1 Rxb1 20. Rxb1 Nh5 21.
Rb3 Nxg3 22. hxg3 f6 23. f4 Kh7 24. Qe3 c5 25. Qc1 Rb6 26. Qa3 gxf4 27. gxf4
Qb8 28. Qc1 a5 29. Qa3 Qa7 30. Kf2 a4 31. Rxb6 cxb6 32. Qc3 a3 33. Qb3 exf4 34.
Kf3 Qg7 35. Kxf4 Qxg2 36. Qxa3 Qxc2 37. Qa7+ Kg6 38. Qxb6 Qf2+ 39. Kg4 h5+ 40.
Kh3 Qf3+ 41. Kh4 Qg4# {WICKER-MAN checkmated} 0-1

[Event "ICS rated blitz match"]
[Site "204.178.125.65"]
[Date "2000.11.15"]
[Round "?"]
[White "Hossa"]
[Black "WICKER-MAN"]
[Result "0-1"]
[WhiteElo "2521"]
[BlackElo "1921"]
[PlyCount "148"]
[EventDate "2000.??.??"]

1. e4 c5 2. Nf3 e6 3. d4 cxd4 4. Nxd4 a6 5. Bd3 Qc7 6. O-O Nf6 7. Qe2 d6 8. Bg5
Be7 9. Nd2 O-O 10. c3 b5 11. Rfd1 Nc6 12. Nxc6 Qxc6 13. Bxf6 Bxf6 14. e5 Bxe5
15. Be4 d5 16. Bxh7+ Kxh7 17. Qxe5 f6 18. Qh5+ Kg8 19. Nb3 e5 20. Rab1 Be6 21.
Rd2 a5 22. f4 a4 23. Nc1 Bf7 24. Qf5 Rfe8 25. Nd3 Be6 26. Qh5 Bf7 27. Qg4 exf4
28. Nxf4 Re4 29. Rf2 Rae8 30. Qd1 Qc5 31. Nd3 Qe3 32. Qf1 d4 33. a3 dxc3 34.
Rc1 Bc4 35. Rxc3 Rd8 36. Nb4 Qxc3 37. bxc3 Bxf1 38. Rxf1 Re2 39. Kh1 Rdd2 40.
Rg1 Re3 41. Ra1 Rxc3 42. Kg1 Rb3 43. g3 Rdb2 44. Nc6 Rb1+ 45. Rxb1 Rxb1+ 46.
Kf2 Rb2+ 47. Kg1 Rb3 48. Nd4 Rxa3 49. Kf1 b4 50. Ke2 b3 51. Kd3 Ra2 52. Nf3 Rf2
53. Nd2 b2 54. Nb1 Rf1 55. Kc2 Rf2+ 56. Kd3 Rxh2 57. Kc3 Rg2 58. g4 Kf7 59. g5
fxg5 60. Kb4 Rf2 61. Kxa4 g4 62. Nc3 g3 63. Ne4 b1=Q 64. Nc3 Qc2+ 65. Kb4 Rf4+
66. Ne4 Rxe4+ 67. Kb5 Qa4+ 68. Kb6 Re6+ 69. Kc5 Qc6+ 70. Kb4 Re4+ 71. Kb3 Qc4+
72. Kb2 Re2+ 73. Kb1 Qc2+ 74. Ka1 Qa2# {Hossa checkmated} 0-1

[Event "ICS rated blitz match"]
[Site "204.178.125.65"]
[Date "2000.11.15"]
[Round "?"]
[White "PostModernist"]
[Black "Hossa"]
[Result "1-0"]
[WhiteElo "2630"]
[BlackElo "2490"]
[PlyCount "167"]
[EventDate "2000.??.??"]

1. d4 Nf6 2. c4 e6 3. Nf3 b6 4. g3 Bb7 5. Nc3 Bb4 6. Bg2 O-O 7. O-O Nc6 8. Qd3
Ne7 9. Bd2 a6 10. Rfe1 Bxc3 11. Bxc3 Be4 12. Qe3 b5 13. b3 Rb8 14. a4 bxc4 15.
bxc4 d5 16. c5 Nc6 17. Qf4 Qe7 18. Qh4 Rb7 19. Ne5 Nxe5 20. dxe5 Qxc5 21. exf6
Qxc3 22. Bxe4 dxe4 23. fxg7 Kxg7 24. Qg4+ Kh8 25. Qxe4 Rb4 26. Qd3 Qxd3 27.
exd3 Rd8 28. Rec1 Rb7 29. Rc6 Rxd3 30. Rxa6 Rb2 31. Rc6 Rdd2 32. Rf1 Rd7 33.
Rfc1 Rdd2 34. Rf1 Rd7 35. a5 Ra2 36. Rc5 Kg7 37. Kg2 Kg6 38. h4 f6 39. Re1 e5
40. Re3 Kf5 41. Rf3+ Kg6 42. g4 Ra4 43. Kh3 e4 44. Rf4 h6 45. Rc6 Ra3+ 46. Kg2
Rf7 47. a6 e3 48. fxe3 Rxe3 49. Ra4 Re8 50. a7 Ra8 51. Kf3 Rd7 52. Ra5 Rf7 53.
Raa6 Kg7 54. Kf4 Kg8 55. Kf5 Kg7 56. Ra4 Rd7 57. Ke6 Rf7 58. Ra5 Kg6 59. h5+
Kg7 60. Kf5 Re7 61. Raa6 Kg8 62. Rxf6 Rh7 63. Rg6+ Kf8 64. Rgc6 Kg8 65. g5 Rf7+
66. Rf6 hxg5 67. Rxf7 Kxf7 68. Kxg5 Kg7 69. Kf4 Kf8 70. Ke5 Ke7 71. h6 Kd7 72.
Kd5 c5 73. Kxc5 Ke7 74. Kb6 Rh8 75. a8=Q Kd6 76. h7 Rxh7 77. Qb8+ Ke6 78. Kc5+
Kf5 79. Qb1+ Ke5 80. Qxh7 Kf4 81. Qh5 Kg3 82. Qf7 Kg4 83. Rg6+ Kh4 84. Qh7# {
Hossa checkmated} 1-0

[Event "ICS rated blitz match"]
[Site "204.178.125.65"]
[Date "2000.11.15"]
[Round "?"]
[White "Hossa"]
[Black "PostModernist"]
[Result "0-1"]
[WhiteElo "2480"]
[BlackElo "2640"]
[PlyCount "136"]
[EventDate "2000.??.??"]

1. e4 c5 2. c3 Nf6 3. e5 Nd5 4. d4 cxd4 5. Nf3 e6 6. cxd4 d6 7. a3 Bd7 8. Nc3
Nc6 9. Nxd5 exd5 10. Be2 dxe5 11. Nxe5 Bd6 12. Nxd7 Qxd7 13. Be3 O-O 14. Bd3 f5
15. O-O Qf7 16. f4 a5 17. Re1 Rfe8 18. Bb5 Re4 19. g3 Qe7 20. Bf2 Rxe1+ 21.
Qxe1 Qf6 22. Qc3 Ne7 23. Re1 Kh8 24. Bd7 Qf8 25. Qf3 Rd8 26. Be6 b6 27. Qb3 Bc7
28. Qb5 g6 29. b3 Qf6 30. Re2 Kg7 31. Kh1 Kh8 32. Re1 Qg7 33. Bg1 Qf8 34. Re2
h6 35. Bf2 Qg7 36. Be3 Qf6 37. Bc1 Kg7 38. Bb2 Kh7 39. Re1 Kh8 40. Kg1 Kh7 41.
Qa6 Rd6 42. Qe2 b5 43. Qe3 Bb6 44. g4 Nc6 45. g5 Qxd4 46. Bxd4 Bxd4 47. Bc8
hxg5 48. fxg5 Bxe3+ 49. Rxe3 d4 50. Rh3+ Kg7 51. Kf2 Ne5 52. Ke1 Rc6 53. Bb7
Rc1+ 54. Ke2 Ra1 55. Ba6 d3+ 56. Kd2 Rxa3 57. Bxb5 Rxb3 58. Ba6 f4 59. Kd1 a4
60. Kd2 a3 61. Bxd3 a2 62. Kc2 Rb8 63. Be4 a1=Q 64. Kd2 Qd4+ 65. Ke1 Qxe4+ 66.
Re3 Qxe3+ 67. Kd1 Rb1+ 68. Kc2 Qd3# {Hossa checkmated} 0-1

[Event "ICS rated blitz match"]
[Site "204.178.125.65"]
[Date "2000.11.15"]
[Round "?"]
[White "ChesterX"]
[Black "Hossa"]
[Result "1-0"]
[WhiteElo "2484"]
[BlackElo "2471"]
[PlyCount "151"]
[EventDate "2000.??.??"]

1. e4 e5 2. Nf3 Nc6 3. Bb5 a6 4. Ba4 Nf6 5. O-O Be7 6. Re1 b5 7. Bb3 d6 8. c3
O-O 9. h3 Na5 10. Bc2 c5 11. d4 Qc7 12. d5 Ne8 13. Nbd2 Rb8 14. Nf1 Nf6 15. Ne3
Bd7 16. Qe2 b4 17. Bd2 b3 18. Bd3 Bc8 19. a4 Nh5 20. Bxa6 Nf4 21. Qf1 Bxa6 22.
Qxa6 c4 23. Nf5 Ra8 24. Nxe7+ Kh8 25. Qb5 Rfb8 26. Bxf4 Rxb5 27. axb5 Qxe7 28.
Be3 Qb7 29. b6 f5 30. exf5 e4 31. Nd2 Qxd5 32. Bd4 Rf8 33. f6 gxf6 34. Nxe4 Kg7
35. Rad1 Qf5 36. Nxd6 Qg6 37. Bc5 Rb8 38. Ra1 Nc6 39. Nxc4 Qg5 40. Bd6 Rh8 41.
Bc7 Rg8 42. Ne3 Kh8 43. Red1 f5 44. Rd5 Qe7 45. Rxf5 Qd7 46. Rd1 Qe7 47. Rfd5
Re8 48. Rb5 Qf7 49. c4 Kg8 50. Rxb3 Rf8 51. f4 Qg7 52. Nd5 Nd4 53. Be5 Nxb3 54.
Bxg7 Kxg7 55. Rd3 Nc5 56. Ra3 Rf7 57. Ra7 Nd7 58. b7 Nb8 59. b4 Kg6 60. g4 Rd7
61. Kf2 Rd8 62. f5+ Kg5 63. Kg3 Re8 64. h4+ Kh6 65. b5 Kg7 66. c5 Re5 67. c6
Rxd5 68. c7 Rd3+ 69. Kf2 Rb3 70. cxb8=Q Rb2+ 71. Ke3 Rb3+ 72. Kd4 Rb4+ 73. Kc3
Rxb5 74. Qc7+ Kf6 75. Ra6+ Rb6 76. Rxb6# {Hossa checkmated} 1-0

[Event "ICS rated blitz match"]
[Site "204.178.125.65"]
[Date "2000.11.15"]
[Round "?"]
[White "Hossa"]
[Black "RugFrog"]
[Result "1-0"]
[WhiteElo "2456"]
[BlackElo "1920"]
[PlyCount "69"]
[EventDate "2000.??.??"]

1. e4 e6 2. d4 d5 3. Nd2 Nf6 4. e5 Nfd7 5. Bd3 c5 6. c3 Nc6 7. Ne2 Be7 8. O-O
cxd4 9. cxd4 f6 10. Nf4 Nf8 11. Qh5+ g6 12. Nxg6 Nxg6 13. Bxg6+ Kd7 14. Bxh7
fxe5 15. dxe5 b6 16. Re1 a5 17. Nf3 Bc5 18. Bg5 Qf8 19. Bf6 Kc7 20. Bxh8 Qxh8
21. Rac1 Bd7 22. Qh6 Kb7 23. Re2 Re8 24. Qh5 Re7 25. Bg6 Qg7 26. Qg5 Be8 27.
Bxe8 Qxg5 28. Bxc6+ Kxc6 29. Nxg5 Kd7 30. Rd2 Rg7 31. Ne4 Be7 32. Nf6+ Bxf6 33.
exf6 Rf7 34. Rdc2 Rxf6 35. Rc7+ {RugFrog resigns} 1-0

[Event "ICS rated blitz match"]
[Site "204.178.125.65"]
[Date "2000.11.15"]
[Round "?"]
[White "RugFrog"]
[Black "Hossa"]
[Result "0-1"]
[WhiteElo "1918"]
[BlackElo "2457"]
[PlyCount "62"]
[EventDate "2000.??.??"]

1. e4 e5 2. Nf3 Nc6 3. Bb5 a6 4. Ba4 Nf6 5. O-O Be7 6. Re1 b5 7. Bb3 d6 8. h3
O-O 9. c3 Na5 10. d4 Nxb3 11. axb3 Bb7 12. dxe5 dxe5 13. Qxd8 Raxd8 14. Bg5 h6
15. Bh4 Rfe8 16. Nbd2 c5 17. Bg3 Bd6 18. c4 Rd7 19. cxb5 axb5 20. Ra5 Nh5 21.
Bh2 Bc6 22. Ra6 Ba8 23. Rea1 Bb7 24. Ra7 Nf6 25. R1a5 Bb8 26. Nf1 Bxa7 27. Rxa7
Bxe4 28. Ra5 Bxf3 29. gxf3 Rb7 30. Ne3 Kh7 31. Kg2 Re6 {RugFrog resigns} 0-1

[Event "ICS rated blitz match"]
[Site "204.178.125.65"]
[Date "2000.11.15"]
[Round "?"]
[White "Hossa"]
[Black "RugFrog"]
[Result "1-0"]
[WhiteElo "2458"]
[BlackElo "1917"]
[PlyCount "73"]
[EventDate "2000.??.??"]

1. e4 e6 2. d4 d5 3. Nd2 Nf6 4. e5 Nfd7 5. Bd3 c5 6. c3 Nc6 7. Ne2 a6 8. O-O b5
9. Nf3 Qb6 10. Be3 Bb7 11. Bg5 Be7 12. Bxe7 Nxe7 13. Qd2 c4 14. Bc2 h6 15. Ng3
g6 16. Qf4 O-O-O 17. Qxf7 Rde8 18. Nh4 Rhf8 19. Qg7 g5 20. Ng6 Nxg6 21. Bxg6
Rg8 22. Qxh6 Ref8 23. Qxg5 b4 24. Ne2 b3 25. Qg4 bxa2 26. Rxa2 Rg7 27. Qh5 Rfg8
28. Nf4 Qb3 29. Rfa1 Nf8 30. Bf7 Rg5 31. Qh6 R8g7 32. Bg6 R5xg6 33. Nxg6 Rf7
34. Nxf8 Qc2 35. Qxe6+ Kb8 36. Qxf7 Qe4 37. Ne6 {RugFrog resigns} 1-0

[Event "ICS Rated blitz match"]
[Site "204.178.125.65"]
[Date "2000.11.15"]
[Round "?"]
[White "Dorky"]
[Black "Hossa"]
[Result "1-0"]
[WhiteElo "2410"]
[BlackElo "2459"]
[PlyCount "113"]
[EventDate "2000.??.??"]

1. d4 e6 2. Nf3 c5 3. e4 cxd4 4. Nxd4 Nc6 5. Nc3 Bc5 6. Be3 Qb6 7. Na4 Qa5+ 8.
c3 Bxd4 9. Bxd4 Nxd4 10. Qxd4 e5 11. Qd1 Nf6 12. b4 Qc7 13. Bd3 O-O 14. O-O d6
15. f4 Ng4 16. Qd2 Bd7 17. h3 Bxa4 18. hxg4 exf4 19. Rxf4 Qe7 20. Raf1 Rac8 21.
R1f3 Qe5 22. Bf1 Bd7 23. Rd3 Be6 24. a4 Bb3 25. a5 Rc6 26. b5 Qxb5 27. Rd5 Qa4
28. Bb5 Qa1+ 29. Rf1 Qxc3 30. Bxc6 Qxc6 31. Rd4 Rd8 32. Rc1 Qe8 33. Qb4 Qe6 34.
Qxb7 Qe5 35. Qxa7 Qg5 36. Rc3 Be6 37. Qb6 Qh4 38. g3 Qe7 39. e5 d5 40. a6 Ra8
41. Qb7 Qf8 42. a7 Rd8 43. Kh2 Ra8 44. Rb3 Re8 45. Qb8 Rc8 46. Qxc8 Bxc8 47.
a8=Q f6 48. Rb8 Kf7 49. Rxc8 Qxc8 50. Qxc8 fxe5 51. Rxd5 e4 52. Qf5+ Ke7 53.
Re5+ Kd6 54. Qe6+ Kc7 55. Rd5 g6 56. Rd7+ Kc8 57. Qe8# {Hossa checkmated} 1-0

[Event "ICS rated bullet match"]
[Site "204.178.125.65"]
[Date "2000.11.15"]
[Round "?"]
[White "Hossa"]
[Black "thutters"]
[Result "1-0"]
[WhiteElo "2453"]
[BlackElo "2082"]
[PlyCount "99"]
[EventDate "2000.??.??"]

1. e4 g6 2. d4 Bg7 3. c4 d6 4. Nc3 Nf6 5. Nf3 O-O 6. Be2 e5 7. O-O Nc6 8. d5
Ne7 9. c5 Ne8 10. Qb3 dxc5 11. Be3 b6 12. Ng5 Nd6 13. Nb5 h6 14. Nxd6 cxd6 15.
Nf3 f5 16. Bd3 f4 17. Bd2 g5 18. Rab1 Ng6 19. Bb5 g4 20. Ne1 Bd7 21. Bc6 Bxc6
22. dxc6+ Kh7 23. Qe6 Qc8 24. Qd5 Qc7 25. b4 Rac8 26. b5 Rcd8 27. Nc2 Qf7 28.
Qxf7 Rxf7 29. f3 gxf3 30. gxf3 d5 31. exd5 Rxd5 32. Rbd1 Ne7 33. Kf2 Kg6 34.
Rg1+ Kf5 35. Rge1 Bf6 36. Re4 Nc8 37. a4 Nd6 38. Re2 e4 39. Rf1 e3+ 40. Nxe3+
fxe3+ 41. Bxe3 Nc4 42. Bxh6 Bd4+ 43. Kg2 Rh7 44. Rc2 Rxh6 45. Rxc4 Rg6+ 46. Kh1
Kf4 47. Rcc1 Rdg5 48. Rce1 Rg2 49. c7 Kf5 50. c8=Q+ {thutters resigns} 1-0

[Event "ICS rated blitz match"]
[Site "204.178.125.65"]
[Date "2000.11.15"]
[Round "?"]
[White "QueenMaxima"]
[Black "Hossa"]
[Result "0-1"]
[WhiteElo "2523"]
[BlackElo "2441"]
[PlyCount "108"]
[EventDate "2000.??.??"]

1. e4 e5 2. d4 exd4 3. c3 Nf6 4. e5 Qe7 5. cxd4 d6 6. f4 dxe5 7. dxe5 Nc6 8.
Nc3 Bf5 9. Bb5 Ng4 10. Bxc6+ bxc6 11. Nf3 Rd8 12. Qb3 Qc5 13. Rf1 Bd3 14. Na4
Qb4+ 15. Qxb4 Bxb4+ 16. Nc3 Bxf1 17. Kxf1 Bc5 18. Ne4 Ne3+ 19. Ke2 Nc2 20. Nxc5
Nxa1 21. Ne1 Rd5 22. b4 a5 23. Na6 axb4 24. Nxc7+ Kd7 25. Nxd5 cxd5 26. Bd2 Ra8
27. Nd3 Nc2 28. Nxb4 Nxb4 29. Bxb4 Rxa2+ 30. Kf3 Ke6 31. h3 g5 32. g3 gxf4 33.
gxf4 Rb2 34. Bc5 Kf5 35. Ke3 Rb3+ 36. Kd4 Ke6 37. f5+ Kxf5 38. Kxd5 Rb5 39. h4
Rxc5+ 40. Kxc5 Kxe5 41. h5 f5 42. Kc4 Ke4 43. Kb4 f4 44. Kc3 f3 45. Kd2 h6 46.
Kc2 f2 47. Kb3 Kd4 48. Ka2 Kc3 49. Ka3 Kc4 50. Ka2 Kb4 51. Kb2 f1=Q 52. Kc2
Qe2+ 53. Kc1 Kc3 54. Kb1 Qb2# {QueenMaxima checkmated} 0-1

[Event "ICS rated blitz match"]
[Site "204.178.125.65"]
[Date "2000.11.15"]
[Round "?"]
[White "Hossa"]
[Black "AvernoX"]
[Result "1-0"]
[WhiteElo "2461"]
[BlackElo "2302"]
[PlyCount "201"]
[EventDate "2000.??.??"]

1. e4 e6 2. d4 Be7 3. Nf3 d5 4. exd5 exd5 5. Bd3 Nf6 6. O-O O-O 7. Re1 Nc6 8.
c3 Bg4 9. h3 Bh5 10. Bf4 Bg6 11. Bxg6 fxg6 12. Ng5 Qd7 13. Ne6 Rfc8 14. Nd2 Kh8
15. Qe2 a5 16. Qb5 b6 17. Re3 a4 18. Rae1 Ra5 19. Qe2 Ra7 20. a3 Rb7 21. Qd1 b5
22. Bg5 Rb6 23. Qe2 Re8 24. Bf4 Bd6 25. Bxd6 Qxd6 26. Nf3 Re7 27. Nc5 Rxe3 28.
Qxe3 Rb8 29. Ng5 Qf8 30. Qf4 Rc8 31. Na6 h6 32. Ne6 Qe7 33. Naxc7 Nd8 34. Qg3
Nxe6 35. Nxe6 Qf7 36. Nf4 g5 37. Nd3 Ne4 38. Qe3 Qf5 39. f3 Nd6 40. Nb4 Re8 41.
Qc1 Re6 42. Qb1 Qf7 43. Re5 Rxe5 44. dxe5 Nc4 45. Qd3 Qf4 46. e6 Qc1+ 47. Kh2
Qf4+ 48. g3 Qe5 49. Nxd5 Qxe6 50. f4 Qe1 51. fxg5 Qf2+ 52. Kh1 Nxb2 53. Qe3
Qxe3 54. Nxe3 hxg5 55. Kg1 g6 56. Kf1 Kg7 57. Ke2 Kf7 58. Kf3 Nd3 59. Ke4 Nf2+
60. Kd4 Ke6 61. Kc5 Ne4+ 62. Kxb5 Nxc3+ 63. Kb4 Ne2 64. Kxa4 Nxg3 65. Kb5 Ne2
66. a4 Nf4 67. Kc6 Ne2 68. Nc2 Nc3 69. a5 Nb5 70. Kxb5 Kd7 71. Kb6 g4 72. hxg4
Kd6 73. Nd4 Kd5 74. a6 Kxd4 75. a7 Ke5 76. Kc5 Kf4 77. Kd5 Kxg4 78. Ke4 Kg5 79.
a8=Q Kf6 80. Qe8 g5 81. Qc6+ Kg7 82. Kf5 Kf7 83. Qc7+ Ke8 84. Qc8+ Ke7 85. Qc6
Kf7 86. Qb7+ Ke8 87. Qb5+ Kd8 88. Qb6+ Kd7 89. Ke5 g4 90. Qb7+ Ke8 91. Qb8+ Kf7
92. Qb3+ Kg7 93. Kf5 g3 94. Qb7+ Kf8 95. Qb4+ Kf7 96. Qc4+ Kg7 97. Qc7+ Kg8 98.
Qxg3+ Kf7 99. Qc7+ Kf8 100. Kf6 Ke8 101. Qc8# {AvernoX checkmated} 1-0

[Event "ICS rated blitz match"]
[Site "204.178.125.65"]
[Date "2000.11.15"]
[Round "?"]
[White "Hossa"]
[Black "PostModernist"]
[Result "0-1"]
[WhiteElo "2470"]
[BlackElo "2686"]
[PlyCount "178"]
[EventDate "2000.??.??"]

1. e4 c5 2. c3 d5 3. exd5 Qxd5 4. d4 Nf6 5. Nf3 e6 6. Bd3 Be7 7. O-O Nc6 8.
dxc5 O-O 9. Be3 Rd8 10. Bc2 Qh5 11. Nfd2 Qh4 12. Qe2 Ng4 13. h3 Nxe3 14. Qxe3
a5 15. Be4 Qh5 16. b4 axb4 17. Bxc6 bxc6 18. cxb4 Ba6 19. a4 Bxf1 20. Nxf1 Qh4
21. Qb3 Rdb8 22. Qc2 Qxb4 23. Nbd2 Qd4 24. Ra2 Bxc5 25. Nf3 Qd5 26. a5 Ra6 27.
Ra1 Bb6 28. Rc1 Qxa5 29. Qe2 Qb5 30. Qc2 Qd5 31. Ne3 Bxe3 32. fxe3 f5 33. Qc3
Rb5 34. h4 c5 35. h5 Ra2 36. h6 gxh6 37. Kh1 Rbb2 38. Rg1 Re2 39. Qf6 Rxe3 40.
Qxh6 Ree2 41. Ng5 Ra7 42. Qh5 Qe5 43. Nf3 Qg3 44. Qe8+ Kg7 45. Qb5 Raa2 46.
Qxc5 Kf7 47. Qc6 Rxg2 48. Qd7+ Kf8 49. Qd8+ Kg7 50. Qe7+ Kh6 51. Qxe6+ Qg6 52.
Qxg6+ Rxg6 53. Rf1 Rgg2 54. Rb1 Rgf2 55. Ne5 Rh2+ 56. Kg1 Rag2+ 57. Kf1 Rc2 58.
Kg1 Rhe2 59. Nd3 Rg2+ 60. Kf1 Rh2 61. Kg1 Rcg2+ 62. Kf1 Rd2 63. Kg1 Rhg2+ 64.
Kf1 Kg5 65. Rb7 Rh2 66. Kg1 Rdg2+ 67. Kf1 Rc2 68. Rg7+ Kf6 69. Rg8 Rh3 70. Ne1
Rh1+ 71. Rg1 Rxg1+ 72. Kxg1 Rc1 73. Kg2 Rxe1 74. Kf2 Re2+ 75. Kg1 Rf2 76. Kh1
f4 77. Kg1 Kf5 78. Kxf2 Ke4 79. Ke2 f3+ 80. Kd2 h6 81. Kd1 Ke3 82. Ke1 f2+ 83.
Kf1 h5 84. Kg2 Ke2 85. Kh3 f1=Q+ 86. Kh4 Qf5 87. Kg3 Qg4+ 88. Kh2 Kf3 89. Kh1
Qg2# {Hossa checkmated} 0-1

[Event "ICS rated bullet match"]
[Site "204.178.125.65"]
[Date "2000.11.15"]
[Round "?"]
[White "Laslo"]
[Black "Hossa"]
[Result "0-1"]
[WhiteElo "1992"]
[BlackElo "2456"]
[PlyCount "36"]
[EventDate "2000.??.??"]

1. b3 d5 2. Bb2 c5 3. e3 Nc6 4. Nf3 Nf6 5. Bb5 a6 6. Bxc6+ bxc6 7. Ne5 Bb7 8.
f4 e6 9. d3 d4 10. e4 Bd6 11. Qf3 O-O 12. O-O Qb8 13. Ng4 Nxg4 14. Qxg4 f5 15.
Qf3 fxe4 16. dxe4 Bxf4 17. Qh5 Be3+ 18. Kh1 Rxf1# {Laslo checkmated} 0-1

[Event "ICS rated bullet match"]
[Site "204.178.125.65"]
[Date "2000.11.15"]
[Round "?"]
[White "Laslo"]
[Black "Hossa"]
[Result "0-1"]
[WhiteElo "1988"]
[BlackElo "2460"]
[PlyCount "28"]
[EventDate "2000.??.??"]

1. d4 Nf6 2. Bg5 Ne4 3. Bf4 c5 4. f3 Qa5+ 5. c3 Nf6 6. e4 cxd4 7. Qxd4 Nc6 8.
Qd2 d5 9. e5 Nh5 10. e6 Bxe6 11. Be3 Nf6 12. Na3 Bf5 13. Nb5 e6 14. Ne2 Qxb5 {
Laslo resigns} 0-1

[Event "ICS rated bullet match"]
[Site "204.178.125.65"]
[Date "2000.11.15"]
[Round "?"]
[White "Hossa"]
[Black "blunite"]
[Result "1-0"]
[WhiteElo "2462"]
[BlackElo "1908"]
[PlyCount "34"]
[EventDate "2000.??.??"]

1. e4 e6 2. d4 d5 3. Nd2 Be7 4. Ngf3 Nh6 5. Bd3 O-O 6. O-O c5 7. dxc5 Bxc5 8.
Nb3 Be7 9. Bxh6 gxh6 10. Qc1 Bg5 11. Nxg5 hxg5 12. exd5 exd5 13. Re1 Be6 14.
Qd1 Qf6 15. Qh5 Qg7 16. Nc5 Bc8 17. Re5 Nc6 {blunite resigns} 1-0

[Event "ICS rated bullet match"]
[Site "204.178.125.65"]
[Date "2000.11.15"]
[Round "?"]
[White "blunite"]
[Black "Hossa"]
[Result "0-1"]
[WhiteElo "1907"]
[BlackElo "2463"]
[PlyCount "24"]
[EventDate "2000.??.??"]

1. d4 Nf6 2. Nd2 c5 3. e3 cxd4 4. exd4 d5 5. Bd3 Nc6 6. Ngf3 Nb4 7. Bb5+ Bd7 8.
a4 Bxb5 9. axb5 Qc7 10. c3 Nd3+ 11. Ke2 Ng4 12. Rf1 Nf4+ {blunite resigns} 0-1

[Event "ICS rated bullet match"]
[Site "204.178.125.65"]
[Date "2000.11.15"]
[Round "?"]
[White "Hossa"]
[Black "blunite"]
[Result "1-0"]
[WhiteElo "2466"]
[BlackElo "1904"]
[PlyCount "63"]
[EventDate "2000.??.??"]

1. e4 e5 2. Nf3 Nc6 3. Bb5 Nf6 4. O-O Bc5 5. c3 O-O 6. d4 Bb6 7. Bg5 h6 8. Bh4
d6 9. Bxc6 bxc6 10. dxe5 dxe5 11. Qxd8 Rxd8 12. Nxe5 g5 13. Nxc6 Ba6 14. Nxd8
Bxf1 15. Kxf1 Rxd8 16. e5 Nh5 17. Bg3 Rd1+ 18. Ke2 Rh1 19. a4 a5 20. h3 Nxg3+
21. fxg3 Kf8 22. b3 Ke7 23. Kd3 Ke6 24. b4 Kxe5 25. Kc4 c6 26. bxa5 Bxa5 27.
Kb3 Kd5 28. g4 Rg1 29. Kc2 Rxg2+ 30. Nd2 Rg3 31. c4+ Kd6 32. Ne4+ {
blunite resigns} 1-0

[Event "ICS rated bullet match"]
[Site "204.178.125.65"]
[Date "2000.11.15"]
[Round "?"]
[White "Hossa"]
[Black "blunite"]
[Result "1-0"]
[WhiteElo "2468"]
[BlackElo "1902"]
[PlyCount "31"]
[EventDate "2000.??.??"]

1. e4 e5 2. Nc3 Nc6 3. Nf3 Nf6 4. Be2 Bc5 5. Nxe5 Bxf2+ 6. Kxf2 Nxe5 7. d4 Ng6
8. e5 Ng8 9. Rf1 N8e7 10. Kg1 O-O 11. Bg5 c6 12. Ne4 h6 13. Bxe7 Qxe7 14. Nd6
b6 15. Bc4 b5 16. Bxf7+ {blunite resigns} 1-0

[Event "ICS rated bullet match"]
[Site "204.178.125.65"]
[Date "2000.11.15"]
[Round "?"]
[White "blunite"]
[Black "Hossa"]
[Result "0-1"]
[WhiteElo "1901"]
[BlackElo "2469"]
[PlyCount "60"]
[EventDate "2000.??.??"]

1. d4 Nf6 2. Nd2 c5 3. e3 cxd4 4. exd4 d5 5. Ngf3 e6 6. Bd3 Nc6 7. c3 Bd6 8.
O-O b6 9. Re1 Bb7 10. Ne5 Qc7 11. f4 O-O-O 12. a4 Rde8 13. Qe2 Kb8 14. Kh1 h6
15. b4 Nxe5 16. fxe5 Qxc3 17. exd6 Qxa1 18. a5 Qxd4 19. axb6 Qxb6 20. Bb2 Rd8
21. Be5 Rxd6 22. Nf3 Ng4 23. Bxd6+ Qxd6 24. b5 Qc5 25. h3 Nf2+ 26. Kh2 Nxd3 27.
Qxd3 Qc7+ 28. Kh1 Rc8 29. Qh7 Qg3 30. Qd3 d4 {blunite resigns} 0-1

[Event "ICS rated bullet match"]
[Site "204.178.125.65"]
[Date "2000.11.15"]
[Round "?"]
[White "Hossa"]
[Black "blunite"]
[Result "1-0"]
[WhiteElo "2470"]
[BlackElo "1900"]
[PlyCount "65"]
[EventDate "2000.??.??"]

1. e4 e5 2. Nf3 Nc6 3. Bb5 Nf6 4. O-O Bc5 5. c3 O-O 6. d4 Bb6 7. Bg5 h6 8. Bxf6
Qxf6 9. Bxc6 Qxc6 10. Nxe5 Qxe4 11. Nd2 Qf5 12. Nec4 d6 13. Nxb6 axb6 14. Re1
Bd7 15. Nc4 Rae8 16. Ne3 Qg5 17. Qf3 Bc6 18. d5 Bd7 19. c4 Re5 20. Rec1 Rfe8
21. Qe2 Re4 22. Qd2 Bh3 23. Rd1 R8e5 24. Kh1 Rxe3 25. fxe3 Bf5 26. Rf1 Be4 27.
Rf4 h5 28. Raf1 Re7 29. a3 h4 30. h3 f5 31. Qf2 g6 32. Kg1 Rh7 33. Rxe4 {
blunite resigns} 1-0

[Event "ICS rated bullet match"]
[Site "204.178.125.65"]
[Date "2000.11.15"]
[Round "?"]
[White "Apocalyptic"]
[Black "Hossa"]
[Result "0-1"]
[WhiteElo "1979"]
[BlackElo "2471"]
[PlyCount "52"]
[EventDate "2000.??.??"]

1. e4 e5 2. f4 exf4 3. Nf3 h6 4. Bc4 c6 5. O-O d5 6. exd5 cxd5 7. Bd3 Bc5+ 8.
Kh1 Ne7 9. Nc3 O-O 10. Ne5 Bd6 11. Ng4 Nbc6 12. Qf3 Nb4 13. Be2 Nxc2 14. Rb1
Nd4 15. Qf2 Nxe2 16. Qxe2 Nc6 17. d3 Qg5 18. Nd1 Bxg4 19. Qf2 Nb4 20. Nc3 Nxd3
21. Qd2 Qf5 22. h3 Bxh3 23. gxh3 Qxh3+ 24. Qh2 Qxf1+ 25. Qg1 Nf2+ 26. Kh2 Qh3#
{Apocalyptic checkmated} 0-1

[Event "ICS rated bullet match"]
[Site "204.178.125.65"]
[Date "2000.11.15"]
[Round "?"]
[White "Hossa"]
[Black "lsat154"]
[Result "1-0"]
[WhiteElo "2473"]
[BlackElo "2184"]
[PlyCount "21"]
[EventDate "2000.??.??"]

1. e4 c5 2. c3 Nc6 3. Nf3 e6 4. Bb5 d5 5. exd5 exd5 6. d4 Bd6 7. dxc5 Bxc5 8.
O-O Nge7 9. Bg5 f6 10. Be3 O-O 11. Bxc5 {lsat154 resigns} 1-0

[Event "ICS rated blitz match"]
[Site "204.178.125.65"]
[Date "2000.11.15"]
[Round "?"]
[White "Ziko"]
[Black "Hossa"]
[Result "0-1"]
[WhiteElo "2252"]
[BlackElo "2463"]
[PlyCount "26"]
[EventDate "2000.??.??"]

1. d4 Nf6 2. Nf3 e6 3. c4 d5 4. Nc3 c6 5. Bg5 dxc4 6. a4 Qb6 7. Qc2 c5 8. Bxf6
gxf6 9. d5 Na6 10. a5 Qb3 11. Qxb3 cxb3 12. Nd2 Nb4 13. Kd1 exd5 {Ziko resigns}
0-1

[Event "ICS rated blitz match"]
[Site "204.178.125.65"]
[Date "2000.11.15"]
[Round "?"]
[White "Hossa"]
[Black "Ziko"]
[Result "1/2-1/2"]
[WhiteElo "2470"]
[BlackElo "2245"]
[PlyCount "86"]
[EventDate "2000.??.??"]

1. d4 d6 2. c4 Nf6 3. Nc3 g6 4. Nf3 Bg7 5. e4 O-O 6. Bd3 Bg4 7. h3 Bxf3 8. gxf3
e5 9. dxe5 dxe5 10. Bg5 Nbd7 11. Qe2 h6 12. Bh4 g5 13. Bg3 Nh5 14. O-O-O c6 15.
Rd2 Qe7 16. h4 Nf4 17. Qf1 Rfd8 18. hxg5 hxg5 19. Bxf4 exf4 20. Bc2 Nc5 21.
Rxd8+ Rxd8 22. Nd1 Ne6 23. Qh3 Qc5 24. Qh5 Qxc4 25. Kb1 Qc5 26. Bb3 Rd2 27.
Qh7+ Kf8 28. a3 Qd4 29. e5 Qxe5 30. Kc1 Rxb2 31. Bc4 Nc5 32. Qh5 Ne6 33. Qh7
Qd4 34. Nxb2 Qxb2+ 35. Kd1 Qa1+ 36. Ke2 Nd4+ 37. Kd2 Qb2+ 38. Kd1 Qa1+ 39. Kd2
Qb2+ 40. Kd1 Qa1+ 41. Kd2 Qb2+ 42. Kd1 Qa1+ 43. Kd2 Qb2+ {
Game drawn by repetition} 1/2-1/2